000 01029nam a2200325Ia 4500
003 OSt
005 20220912150757.0
006 a|||||r|||| 00| 0
007 ta
008 220909b |||||||| |||| 00| 0 eng d
020 _a0750309326 (pbk)
024 _a13556
037 _bATB/322, 21/02/2005, Ashutosh Technical Books
037 _cTextual
040 _aCSL
_beng
_cCSL
041 _aeng
082 _aC9B3, P4;1
100 _aBertulani Carlos A
245 0 _aIntroduction to nuclear reactions
260 _aBritol
_band Philadelphia Institute of Physics Publishing
_c2004
300 _axii, 515p.
_ccm.
490 _aGraduate student series in physics
500 _aIncludes bibliographical references; Index 512-515p.
_ccm.
650 _a Nuclear
650 _a Nuclear Reactions
650 _aPhysics
700 _a Danielewicz Pawel
942 _hC9B3, P4;1
_cTEXL
_2CC
999 _c54684
_d54684